Statistics for Стих

Click here to take the quiz!

General Stats

  • This quiz has been taken 5 times
  • The average score is 13 of 17

Answer Stats

Номер строкиСтрока% Correct
1Я ждал И вот в тени ночной
100%
2Врага почуял он и вой
100%
3Протяжный жалобный как стон
100%
4Раздался вдруг И начал он
100%
5Сердито лапой рыть песок
100%
6Встал на дыбы, потом прилег
100%
12Широкий лоб его рассек
80%
11Надежный сук мой как топор
80%
9Но я его предупредил
80%
10Удар мой верен был и скор
80%
7И первый бешеный скачок
80%
8Мне страшной смертию грозил
60%
13Он застонал как человек
60%
14И опрокинулся но вновь
60%
15Хотя лила из раны кровь
60%
17Бой закипел смертельный бой
60%
16Густой широкою волной
40%

Score Distribution

Percentile by Number Answered

Percent of People with Each Score

Your Score History

You have not taken this quiz